Movies Quiz

Random Movies Quiz
Score 0/10 Timer 10:00
0 Plays Today
Hint Title % Correct
Spanish translation for 'white house' in one wordCasablanca
86.8%
Mentally recall the powerful mythological deitiesRemember the Titans
75.7%
Frenzied male cattleRaging Bull
69.9%
Altercating social organizationFight Club
69.1%
The numbers organized in rows and columns and enclosed in bracketsThe Matrix
57.7%
The ninth division of territoryDistrict 9
44.9%
The printed work of a dense region of tropical rainforestThe Jungle Book
44.1%
An arthropod's biological cycleA Bug's Life
43.4%
Mentally crazed individual of the new worldAmerican Psycho
34.2%
The powerful members of the Anatidae family of birdsThe Mighty Ducks
28.3%
Remove Ads.
Support Sporcle.
Get the best of Sporcle when you Go Orange. This ad-free experience offers more features, more stats, and more fun while also helping to support Sporcle. Thank you for becoming a member.

You're not logged in!

Compare scores with friends on all Sporcle quizzes.
OR
Log In

Show Comments

Extras

Created Nov 26, 2010ReportNominate
Tags:Verbose

Top Quizzes Today


Score Distribution

Your Account Isn't Verified!

In order to create a playlist on Sporcle, you need to verify the email address you used during registration. Go to your Sporcle Settings to finish the process.

Report this User

Report this user for behavior that violates our Community Guidelines.

Details: